| 000 | 03300cam a2200445 i 4500 | ||
|---|---|---|---|
| 999 |
_c79469 _d316746 |
||
| 001 | 19000239 | ||
| 003 | OSt | ||
| 005 | 20210305210427.0 | ||
| 008 | 160302t20162016paua b 001 0 eng | ||
| 010 | _a 2016010591 | ||
| 020 | _a9780803645639 (alk. paper) | ||
| 020 | _a0803645635 (alk. paper) | ||
| 035 | _a(DNLM)101678021 | ||
| 040 |
_aDNLM/DLC _beng _cDLC _erda _dDLC |
||
| 042 | _apcc | ||
| 050 | 0 | 0 |
_aRM700 _b.M63 2016 |
| 060 | 1 | 0 | _aWB 460 |
| 082 | 0 | 0 |
_a615.832 _223 _bMOT |
| 245 | 0 | 0 |
_aModalities for therapeutic intervention / _c[edited by] James W. Bellew, PT, EdD, Professor, Krannert School of Physical Therapy, University of Indianapolis, Indianapolis, IN, Susan L. Michlovitz, PT, PhD, CHT, Adjunct Associate Professor, Rehabilitation Medicine, Columbia University, New York, NY, Thomas P. Nolan Jr., PT, DPT, OCS, Associate Professor, School of Health Sciences, Stockton University, Galloway, NJ. |
| 246 | 1 | 4 | _aMichlovitz's modalities for therapeutic intervention |
| 250 | _aSixth edition. | ||
| 264 | 1 |
_aPhiladelphia, PA : _bF.A. Davis Company, _c[2016] |
|
| 264 | 4 | _c©2016 | |
| 300 |
_axxix, 545 pages : _bcolor illustrations ; _c28 cm. |
||
| 490 | 1 | _aContemporary perspectives in rehabilitation | |
| 500 | _a"Previously titled Thermal agents in rehabilitation, editions 1, 2, and 3." | ||
| 504 | _aIncludes bibliographical references and index. | ||
| 505 | 0 | _aTherapeutic modalities past, present, and future : their role in the patient care management model / James W. Bellew -- Cold therapy modalities / Stacie J. Fruth and Susan L. Michlovitz -- Therapeutic heat / Sandy Rennie and Susan L. Michlovitz -- Therapeutic ultrasound / David Lake -- Hydrotherapy : the use of water as a therapeutic agent / Elaine L. Bukowski and Thomas P. Nolan Jr. -- Electromagnetic waves, laser, diathermy, and pulsed electromagnetic fields / Robert Post and Thomas P. Nolan Jr. -- Spinal traction / Charles Hazle -- Intermittent pneumatic compression / Robert Marsico -- Foundations of clinical electrotherapy / James W. Bellew -- Clinical electrical stimulation : application and techniques / James W. Bellew -- Electrical stimulation for pain control / Richard E. Liebano -- Therapeutic modalities for improving range of motion / Andrew Starsky -- Electrotherapy for musculoskeletal disorders / C. Scott Bickel, Chris M. Gregory, and James W. Bellew -- NMES and FES in patients with neurological diagnoses / Therese E. Johnston -- Therapeutic modalities for tissue healing / Ed Mahoney -- Alternative modalities for pain and tissue healing / Thomas P. Nolan Jr. and Susan L. Michlovitz -- Electrophysiological testing of nerves and muscles / Arthur J. Nitz and James W. Bellew. | |
| 650 | 0 |
_aPhysical therapy. _988564 |
|
| 650 | 0 |
_aMedical rehabilitation. _988565 |
|
| 650 | 1 | 2 |
_aPhysical Therapy Modalities _988566 |
| 650 | 2 | 2 |
_aWounds and Injuries _xrehabilitation _938598 |
| 700 | 1 |
_aBellew, James W., _eeditor. _988567 |
|
| 700 | 1 |
_aMichlovitz, Susan L., _eeditor. _921399 |
|
| 700 | 1 |
_aNolan, Thomas, _cJr., _d1955- , _eeditor. _988568 |
|
| 830 | 0 |
_aContemporary perspectives in rehabilitation (Series) _964382 |
|
| 906 |
_a7 _bcbc _corignew _d1 _eecip _f20 _gy-gencatlg |
||
| 942 |
_2ddc _cBOOK |
||